Обработка материалов методологических работ, произведенных на реке Сыр-Дарья зимой 1925 г. (Запись № 6018202)

Подробности
000 -МАРКЕР
контрольное поле 01057nam0a22002531 4500
001 - ИДЕНТИФИКАТОР ЗАПИСИ
контрольное поле rc\2879705
005 - ИДЕНТИФИКАТОР ВЕРСИИ
контрольное поле 20250529213233.0
035 ## - ДРУГИЕ СИСТЕМНЫЕ НОМЕРА
Идентификатор записи (NLR Aleph) 007032610
100 ## - ДАННЫЕ ОБЩЕЙ ОБРАБОТКИ
Данные общей обработки 20110719d1928 |||y0rusy50 ca
101 0# - ЯЗЫК РЕСУРСА
Язык текста, звукозаписи и т.д. русский
102 ## - СТРАНА ПУБЛИКАЦИИ ИЛИ ПРОИЗВОДСТВА
Страна публикации Российская Федерация
105 ## - ПОЛЕ КОДИРОВАННЫХ ДАННЫХ: ТЕКСТОВЫЕ МАТЕРИАЛЫ, МОНОГРАФИЧЕСКИЕ
Кодированные данные о монографическом текстовом документе a z |||||
200 1# - ЗАГЛАВИЕ И СВЕДЕНИЯ ОБ ОТВЕТСТВЕННОСТИ
Основное заглавие Обработка материалов методологических работ, произведенных на реке Сыр-Дарья зимой 1925 г.
Первые сведения об ответственности А.Н. Калмыков, сотр. оп.-иссл. ин-та В.Х.
210 ## - ПУБЛИКАЦИЯ, РАСПРОСТРАНЕНИЕ И ДР.
Место издания, распространения и т.д. [Ташкент]
Имя издателя, распространителя и т. д. Б. и.
Дата издания, распространения и т.д. [1928]
Имя изготовителя типо-литогр. № 2 Узполиграфтреста
215 ## - ФИЗИЧЕСКАЯ ХАРАКТЕРИСТИКА
Специфическое обозначение материала и объем 29-58 с., 1 л. черт.
Другие сведения о физической характеристике черт.
Размеры 26 см
300 ## - ОБЩИЕ ПРИМЕЧАНИЯ
Текст примечания Без тит. л. и обл. Описано по 1-й с. текста
300 ## - ОБЩИЕ ПРИМЕЧАНИЯ
Текст примечания Отд. отт. из журн. "Вестник ирригации", 1928, № 8
700 #1 - ИМЯ ЛИЦА - ПЕРВИЧНАЯ ОТВЕТСТВЕННОСТЬ
Начальный элемент ввода Калмыков
Часть имени, кроме начального элемента ввода А.Н.
801 #0 - ИСТОЧНИК ЗАПИСИ
Страна Российская Федерация
Организация NLR
Правила каталогизации psbo
801 #1 - ИСТОЧНИК ЗАПИСИ
Страна Российская Федерация
Организация ELAR
Источник данных rusmarc
852 ## - МЕСТОНАХОЖДЕНИЕ И ШИФР ХРАНЕНИЯ
Идентификатор организации NLR
Шифр хранения (Call Number) 97/1166
942 ## - ДОПОЛНИТЕЛЬНЫЕ ЭЛЕМЕНТЫ ЗАПИСИ (АБИС)
Тип экземпляра АБИС Книга
980 ## - КОЛЛЕКЦИЯ
Название коллекции Национальная библиография
Экземпляры
Тип экземпляра Дата поступления Библиотека постоянного хранения Библиотека текущего хранения Место хранения Шифр хранения Штрих-код Статус экземпляра
Книга 26.10.2013 РНБ (Садовая) РНБ (Садовая) Русский книжный фонд -Главное здание, Ленинский читальный зал 97/1166 7032610-10